Phytohormones and oxidative stress in tapping panel dryness (TPD) affected Hevea brasiliensis (Willd. Ex. Adr de Juss.) Muell. Arg. (Record no. 74403)

MARC details
000 -LEADER
fixed length control field 00469nam a2200133Ia 4500
100 ## - MAIN ENTRY--AUTHOR NAME
Personal name Sujisha, T.C.
245 #0 - TITLE STATEMENT
Title Phytohormones and oxidative stress in tapping panel dryness (TPD) affected Hevea brasiliensis (Willd. Ex. Adr de Juss.) Muell. Arg.
260 ## - PUBLICATION, DISTRIBUTION, ETC. (IMPRINT)
Name of publisher Mahatma Gandhi University
Place of publication Kottayam.
Year of publication 2009
500 ## - GENERAL NOTE
General note Available in Physiology
500 ## - GENERAL NOTE
General note Course: M.Sc.
700 ## - ADDED ENTRY--PERSONAL NAME
Personal name Dr R Krishnakumar
942 ## - ADDED ENTRY ELEMENTS (KOHA)
Koha item type Theses
Holdings
Withdrawn status Lost status Damaged status Not for loan Collection code Home library Current library Shelving location Date acquired Koha item type
      Theses Dissertation RRII Library RRII Library Crop physiology 31/12/2021 Theses